00409nam a2200169Ia 4500003000400000005001700004008004100021020001500062040000700077041000800084082001900092100002000111245004000131260003800171300001600209365001400225OSt20230408130401.0210423s2006 xx 000 0 und d a1844450716 cAL aeng a158 223bINGE aINGLEBY (Ewan). aApplied psychology for social work. aNew DelhibLearning Mattersc2006 axii,129bPB b1257cINR